[Event "South America-ch 1st"]
[Site "Lima"]
[Date "2023.09.22"]
[Round "9.10"]
[White "Alvarado Zamora, Albert"]
[Black "Fernandez, Fernando"]
[Result "0-1"]
[WhiteElo "2009"]
[BlackElo "2418"]
[PlyCount "88"]
[EventDate "2023.09.14"]
[EventType "swiss"]
[EventRounds "9"]
[EventCountry "PER"]
[SourceTitle "EXT 2024"]
[Source "ChessBase"]
[SourceDate "2023.10.10"]
[SourceVersion "1"]
[SourceVersionDate "2023.10.10"]
[SourceQuality "1"]

1. g3 d5 2. Bg2 Nf6 3. d3 e6 4. Nf3 Be7 5. 0-0 0-0 6. Nbd2 c5 7. c4 Nc6 8. cxd5 exd5 9. Re1 Be6 10. Ng5 Bg4 11. Nf1 h6 12. h3 Bf5 13. Ne3 Bg6 14. Nf3 Qd7 15. b3 Rfe8 16. Bb2 d4 17. Nc4 Bf8 18. e4 dxe3 19. Rxe3 Rxe3 20. Nxe3 Qxd3 21. Qxd3 Bxd3 22. Ne5 Nxe5 23. Bxe5 Ne4 24. Rd1 Re8 25. Rxd3 Rxe5 26. Nc4 Re7 27. Re3 f5 28. Bxe4 Rxe4 29. Rxe4 fxe4 30. Kf1 Kf7 31. Ke2 Ke6 32. Ke3 Kd5 33. a4 Be7 34. h4 h5 35. Kf4 g6 36. Nd2 a6 37. Nxe4 c4 38. bxc4+ Kxc4 39. Ke5 b5 40. axb5 Kxb5 41. Kd4 Kb4 42. Kd3 a5 43. Kc2 Kc4 44. Nd2+ Kd4 0-1

[Event "South America-ch 1st"]
[Site "Lima"]
[Date "2023.09.15"]
[Round "2"]
[White "Fernandez, Fernando"]
[Black "Vasquez Vargas, Henry Richard"]
[Result "1/2-1/2"]
[WhiteElo "2418"]
[BlackElo "2124"]
[PlyCount "84"]
[EventDate "2023.09.14"]
[EventType "swiss"]
[EventRounds "9"]
[EventCountry "PER"]
[SourceTitle "EXT 2024"]
[Source "ChessBase"]
[SourceDate "2023.10.10"]
[SourceVersion "1"]
[SourceVersionDate "2023.10.10"]
[SourceQuality "1"]

1. d4 Nf6 2. c4 e6 3. Nf3 b6 4. g3 Bb7 5. Bg2 Be7 6. Nc3 d5 7. cxd5 Nxd5 8. 0-0 0-0 9. Re1 Nxc3 10. bxc3 c5 11. e4 cxd4 12. cxd4 Nd7 13. Bb2 Nf6 14. Ne5 Rc8 15. Qb3 Nd7 16. Nd3 Ba6 17. Nf4 Bc4 18. Qe3 b5 19. a4 bxa4 20. Rxa4 a6 21. Bc3 Qc7 22. Ba5 Qb8 23. Raa1 Qa7 24. Rab1 Rb8 25. Qc3 Bb5 26. Rec1 h6 27. e5 Bd8 28. Bb4 Bb6 29. Rd1 Rfc8 30. Qa1 Rc4 31. Bd6 Rbc8 32. Rbc1 Bxd4 33. Rxc4 Bxf2+ 34. Kh1 Rxc4 35. Qa5 Qb6 36. Qa2 Bd4 37. Rb1 Bc5 38. Rd1 Bxd6 39. exd6 Qc5 40. Qd2 e5 41. Nd3 Qxd6 42. Qe1 Qc5 1/2-1/2

[Event "Titled Tuesday intern op 25th Jul Early"]
[Site "Chess.com INT"]
[Date "2023.07.25"]
[Round "5"]
[White "Fernandez, Fernando"]
[Black "Rangel, Daniel"]
[Result "0-1"]
[WhiteElo "2418"]
[BlackElo "2199"]
[PlyCount "68"]
[EventDate "2023.07.25"]
[EventType "swiss (blitz)"]
[EventRounds "11"]
[EventCountry "USA"]
[SourceTitle "EXT 2024"]
[Source "ChessBase"]
[SourceDate "2023.10.10"]
[SourceVersion "1"]
[SourceVersionDate "2023.10.10"]
[SourceQuality "1"]

1. Nf3 Nf6 2. g3 e6 3. Bg2 d5 4. c4 Be7 5. d4 0-0 6. 0-0 a5 7. Qc2 c6 8. Bf4 b5 9. cxb5 cxb5 10. Rc1 Na6 11. Nc3 b4 12. Nb5 Bb7 13. a4 Rc8 14. Qd1 Nd7 15. Ne5 Nxe5 16. dxe5 Qd7 17. h4 Rxc1 18. Rxc1 Rc8 19. Nd6 Rxc1 20. Qxc1 Bc6 21. b3 h6 22. h5 f6 23. Nb5 fxe5 24. Bxe5 Bxb5 25. axb5 Nc5 26. b6 Qb5 27. Bc7 Bf6 28. Bh3 Kf7 29. Qe3 Ne4 30. Kg2 Qc6 31. Qf3 Ng5 32. Qf4 d4+ 33. f3 Qd5 34. Qc1 d3 0-1

[Event "Titled Tuesday intern op 25th Jul Early"]
[Site "Chess.com INT"]
[Date "2023.07.25"]
[Round "6"]
[White "Willy, Stephen"]
[Black "Fernandez, Fernando"]
[Result "0-1"]
[WhiteElo "2186"]
[BlackElo "2418"]
[PlyCount "116"]
[EventDate "2023.07.25"]
[EventType "swiss (blitz)"]
[EventRounds "11"]
[EventCountry "USA"]
[SourceTitle "EXT 2024"]
[Source "ChessBase"]
[SourceDate "2023.10.10"]
[SourceVersion "1"]
[SourceVersionDate "2023.10.10"]
[SourceQuality "1"]

1. e4 e5 2. d4 exd4 3. Qxd4 Nc6 4. Qe3 Nf6 5. Nc3 Bb4 6. Bd2 0-0 7. 0-0-0 Re8 8. Qg3 Rxe4 9. Bd3 Rg4 10. Qh3 d5 11. Nf3 Re4 12. Qg3 Rg4 13. Qh3 Re4 14. Qg3 Bd6 15. Qg5 h6 16. Nxe4 hxg5 17. Nexg5 Bg4 18. h3 Bxf3 19. gxf3 Nb4 20. Bxb4 Bxb4 21. Rdg1 Qd6 22. h4 Nh5 23. Rg4 a5 24. Rhg1 a4 25. a3 Bc5 26. Nh3 Qf6 27. Ng5 Bxf2 28. R1g2 Be3+ 29. Kb1 Bxg5 30. hxg5 Qe5 31. Rh4 g6 32. Rgh2 Qxg5 33. f4 Qg3 34. f5 c5 35. fxg6 fxg6 36. R4h3 Qg1+ 37. Ka2 c4 38. Be2 Ra6 39. Bf3 Rd6 40. Rg2 Qe3 41. Bg4 Qe5 42. Bxh5 Kf8 43. Bxg6 b5 44. Rh7 d4 45. Rf7+ Kg8 46. Bh5+ Kh8 47. Bf3 Rh6 48. Rf8+ Kh7 49. Bc6 Rxc6 50. Rf7+ Kh6 51. Rf3 Qh5 52. Rf7 Qxf7 53. Rh2+ Qh5 54. Rg2 Qg6 55. Rh2+ Kg7 56. Rf2 Qf7 57. Rg2+ Kf8 58. Rh2 c3+ 0-1

[Event "Arica op 8th"]
[Site "Arica"]
[Date "2022.12.21"]
[Round "9"]
[White "Gemy Vargas, Jose Daniel"]
[Black "Fernandez, Fernando"]
[Result "0-1"]
[WhiteElo "2354"]
[BlackElo "2421"]
[PlyCount "122"]
[EventDate "2022.12.16"]
[EventType "swiss"]
[EventRounds "10"]
[EventCountry "CHI"]
[SourceTitle "CBM 212 Extra"]
[Source "ChessBase"]
[SourceDate "2023.03.31"]
[SourceVersion "1"]
[SourceVersionDate "2023.03.31"]
[SourceQuality "1"]

1. e4 e6 2. d4 d5 3. Nd2 c5 4. Ngf3 cxd4 5. exd5 Qxd5 6. Bc4 Qd6 7. 0-0 Nf6 8. Nb3 Nc6 9. Nbxd4 Nxd4 10. Nxd4 Be7 11. b3 0-0 12. a4 Rd8 13. Ba3 Qc7 14. Nb5 Qc6 15. Bxe7 Rxd1 16. Raxd1 Nd5 17. Nc3 h6 18. Nxd5 exd5 19. Rxd5 Be6 20. Rd4 Bxc4 21. Rxc4 Qd7 22. Bc5 Rc8 23. a5 Qd5 24. Bxa7 Rxc4 25. bxc4 Qxc4 26. Rc1 Qc3 27. Bb6 Qd2 28. Ra1 Qxc2 29. h4 f6 30. g3 Kf7 31. Kh2 Qc6 32. Be3 Qb5 33. Bb6 Qc6 34. Be3 g5 35. hxg5 hxg5 36. Rb1 Qf3 37. Rb6 f5 38. Rb4 Kg6 39. Kg1 Qd1+ 40. Kh2 Qf3 41. Kg1 Kh5 42. Kf1 Qh1+ 43. Ke2 Qd5 44. Bd2 Qd6 45. Ke1 Qd3 46. Be3 Qc3+ 47. Bd2 Qd3 48. Be3 Qc3+ 49. Bd2 Qc2 50. g4+ fxg4 51. Rb5 Kh4 52. Rxg5 Kh3 53. Re5 Kg2 54. Ke2 Qc4+ 55. Kd1 Kxf2 56. Rf5+ Kg2 57. Rf4 Qe6 58. Rb4 Qd7 59. Rb2 Kf1 60. Rb3 Qa4 61. Kc2 g3 0-1

[Event "Arica op 8th"]
[Site "Arica"]
[Date "2022.12.17"]
[Round "3"]
[White "Mesias Rojas, Rabindranath"]
[Black "Fernandez, Fernando"]
[Result "0-1"]
[WhiteElo "2211"]
[BlackElo "2421"]
[PlyCount "170"]
[EventDate "2022.12.16"]
[EventType "swiss"]
[EventRounds "10"]
[EventCountry "CHI"]
[SourceTitle "CBM 212 Extra"]
[Source "ChessBase"]
[SourceDate "2023.03.31"]
[SourceVersion "1"]
[SourceVersionDate "2023.03.31"]
[SourceQuality "1"]

1. e4 c6 2. d4 d5 3. f3 dxe4 4. fxe4 e5 5. Nf3 Bg4 6. c3 Nd7 7. Bd3 Bd6 8. 0-0 Ngf6 9. Na3 Qc7 10. Nc4 exd4 11. cxd4 b5 12. Nxd6+ Qxd6 13. Be3 0-0 14. Qe1 Nc5 15. Bc2 Ncxe4 16. Qh4 Rae8 17. Rae1 Bf5 18. Bf4 Qd8 19. Be5 Bg6 20. Re2 Nd6 21. Bxg6 fxg6 22. Rfe1 Nf5 23. Qh3 Nd5 24. Qg4 Nh6 25. Qe4 Qd7 26. Qc2 Nf7 27. Qc5 a6 28. Rf2 Nd8 29. Ref1 Ne6 30. Qa3 Ra8 31. Bg3 Rf6 32. Be5 Rf5 33. Nd2 Ne7 34. Nf3 Nd5 35. Nd2 Rxf2 36. Rxf2 Qe7 37. Qb3 Rf8 38. Rxf8+ Qxf8 39. Nf3 a5 40. h3 a4 41. Qc2 Qe8 42. a3 Nd8 43. Nd2 Nf7 44. Nf3 Qe6 45. Qc5 h6 46. Kh2 Ne3 47. Qa7 Nc4 48. Qb8+ Kh7 49. Kg1 g5 50. Qc7 Qg6 51. Kh2 g4 52. hxg4 Ne3 53. Kg3 Nxg4 54. Nh4 Qh5 55. Qxc6 Ngxe5 56. dxe5 Qxe5+ 57. Kf3 Qh5+ 58. Kg3 Qg5+ 59. Kh3 Qe3+ 60. Kh2 Ne5 61. Qc2+ Qd3 62. Qc8 Nc4 63. Qe6 Nxb2 64. Nf5 Qd8 65. Ne7 Nc4 66. Qe4+ Kh8 67. Ng6+ Kg8 68. Ne7+ Kf8 69. Ng6+ Kf7 70. Nf4 Qd6 71. g3 Qd2+ 72. Kh3 Qd7+ 73. Kh2 Nxa3 74. Qf3 Nc4 75. Nh5+ Kg6 76. Nf4+ Kh7 77. Qe4+ Kg8 78. Qa8+ Kf7 79. Qf3 a3 80. Nd3+ Kg8 81. Qa8+ Kh7 82. Qe4+ g6 83. Nf4 Qf7 84. Qd4 a2 85. Qa1 Ne3 0-1

[Event "Pereira Fiestas de la Cosecha"]
[Site "Pereira"]
[Date "2022.08.28"]
[Round "9"]
[White "Malka, Samuel"]
[Black "Fernandez, Fernando"]
[Result "0-1"]
[WhiteElo "2185"]
[BlackElo "2430"]
[PlyCount "72"]
[EventDate "2022.08.24"]
[EventType "swiss"]
[EventRounds "10"]
[EventCountry "COL"]
[SourceTitle "CBM 210 Extra"]
[Source "ChessBase"]
[SourceDate "2022.11.30"]
[SourceVersion "1"]
[SourceVersionDate "2022.11.30"]
[SourceQuality "1"]

1. d4 Nf6 2. c4 c6 3. Nc3 d5 4. Nf3 e6 5. Qd3 dxc4 6. Qxc4 a6 7. e4 b5 8. Qd3 c5 9. e5 cxd4 10. Nxb5 axb5 11. exf6 Nc6 12. fxg7 Bxg7 13. Qe4 Bd7 14. Bd2 f5 15. Qc2 Qb6 16. Qb3 Na5 17. Qb4 e5 18. Qa3 Ra6 19. Bg5 Bf8 20. Qd3 Nc4 21. Nd2 Qg6 22. f4 Bb4 23. 0-0-0 h6 24. Bh4 Qg4 25. Nxc4 bxc4 26. Qe2 Qxf4+ 27. Kb1 d3 28. Qh5+ Kf8 29. Be2 Be8 30. Rdf1 Bxh5 31. Rxf4 Bxe2 32. Rxf5+ Kg7 33. Rxe5 c3 34. a3 c2+ 35. Kc1 Rc8 36. Be1 Rxa3 0-1

[Event "Pereira Fiestas de la Cosecha"]
[Site "Pereira"]
[Date "2022.08.27"]
[Round "7"]
[White "Prasca Sosa, Rafael Felipe"]
[Black "Fernandez, Fernando"]
[Result "1/2-1/2"]
[WhiteElo "2348"]
[BlackElo "2430"]
[PlyCount "45"]
[EventDate "2022.08.24"]
[EventType "swiss"]
[EventRounds "10"]
[EventCountry "COL"]
[SourceTitle "CBM 210 Extra"]
[Source "ChessBase"]
[SourceDate "2022.11.30"]
[SourceVersion "1"]
[SourceVersionDate "2022.11.30"]
[SourceQuality "1"]

1. e4 c6 2. d4 d5 3. e5 Bf5 4. Nf3 e6 5. Be2 c5 6. Be3 Qb6 7. Nc3 Nc6 8. Na4 Qa5+ 9. c3 c4 10. 0-0 b5 11. Nc5 Bxc5 12. dxc5 Nge7 13. b4 Qa3 14. Qc1 Qxc1 15. Rfxc1 0-0 16. a4 a6 17. Ra2 Ng6 18. Rca1 Rab8 19. axb5 axb5 20. Ra6 Ngxe5 21. Nxe5 Nxe5 22. Bf4 f6 23. g4 1/2-1/2

[Event "Titled Tuesday intern op 16th Aug Early"]
[Site "Chess.com INT"]
[Date "2022.08.16"]
[Round "6"]
[White "Fernandez, Fernando"]
[Black "Pakleza, Zbigniew"]
[Result "1/2-1/2"]
[WhiteElo "2430"]
[BlackElo "2499"]
[PlyCount "134"]
[EventDate "2022.08.16"]
[EventType "swiss (blitz)"]
[EventRounds "11"]
[EventCountry "USA"]
[SourceTitle "EXT 2023"]
[Source "ChessBase"]
[SourceDate "2022.10.05"]
[SourceVersion "1"]
[SourceVersionDate "2022.10.05"]
[SourceQuality "1"]

1. d4 d6 2. Nf3 Bg4 3. Bg5 Bxf3 4. gxf3 Nd7 5. c4 Ngf6 6. Nc3 e6 7. d5 e5 8. Bh3 Be7 9. Rg1 g6 10. Qb3 Nc5 11. Qc2 a5 12. f4 Nh5 13. e3 exf4 14. exf4 0-0 15. 0-0-0 Bxg5 16. fxg5 Re8 17. Kb1 Qe7 18. Qd2 Qe5 19. Bg4 Nf4 20. Rde1 Qxg5 21. Bd1 Qf6 22. Bc2 Nh5 23. Nb5 Re7 24. Rxe7 Qxe7 25. Re1 Qd7 26. Qg5 Re8 27. Rg1 c6 28. Nc3 Re5 29. Qd2 Qe7 30. a3 Nf6 31. dxc6 bxc6 32. Rd1 d5 33. cxd5 Nxd5 34. Nxd5 Rxd5 35. Qxa5 Rxd1+ 36. Bxd1 Ne4 37. Bc2 Nxf2 38. Qa8+ Kg7 39. Qxc6 Qf6 40. Qxf6+ Kxf6 41. a4 Ke5 42. a5 Kd6 43. b4 Kc7 44. b5 f5 45. Kb2 Ne4 46. Kb3 Nd6 47. Kb4 f4 48. b6+ Kc6 49. Ba4+ Kb7 50. Kc5 Ne4+ 51. Kd5 Nc3+ 52. Ke5 Nxa4 53. Kxf4 Nc5 54. Kg5 Ne4+ 55. Kh6 g5 56. Kxh7 g4 57. Kg6 Nd2 58. Kf5 Nf3 59. Kxg4 Nxh2+ 60. Kf4 Nf1 61. Ke4 Nd2+ 62. Kd5 Nb3 63. Kc4 Nxa5+ 64. Kb5 Nc6 65. Kc5 Nb8 66. Kd6 Nd7 67. Kxd7 Kxb6 1/2-1/2

[Event "Titled Tuesday intern op 16th Aug Early"]
[Site "Chess.com INT"]
[Date "2022.08.16"]
[Round "7"]
[White "Ramirez, Vido Robert"]
[Black "Fernandez, Fernando"]
[Result "1-0"]
[WhiteElo "2090"]
[BlackElo "2430"]
[PlyCount "101"]
[EventDate "2022.08.16"]
[EventType "swiss (blitz)"]
[EventRounds "11"]
[EventCountry "USA"]
[SourceTitle "EXT 2023"]
[Source "ChessBase"]
[SourceDate "2022.10.05"]
[SourceVersion "1"]
[SourceVersionDate "2022.10.05"]
[SourceQuality "1"]

1. f4 d5 2. Nf3 Nf6 3. e3 Bf5 4. Be2 e6 5. 0-0 Be7 6. b3 0-0 7. Bb2 a5 8. a4 Na6 9. Bxa6 Rxa6 10. Nc3 Ne4 11. Nxe4 Bxe4 12. d3 Bf5 13. Qe1 Bf6 14. Bxf6 Qxf6 15. e4 Bg6 16. Ne5 Rd8 17. Nxg6 hxg6 18. e5 Qe7 19. Rf3 Rc6 20. c4 Rb6 21. Rb1 dxc4 22. dxc4 Ra6 23. Rd1 Raa8 24. Rfd3 Rxd3 25. Rxd3 Rd8 26. Rxd8+ Qxd8 27. Qxa5 Qd4+ 28. Kf1 Qxf4+ 29. Ke2 Qe4+ 30. Kf2 Qc2+ 31. Kf1 Qb1+ 32. Kf2 Qc2+ 33. Kg1 Qxb3 34. Qxc7 Qd1+ 35. Kf2 Qc2+ 36. Kf1 Qxa4 37. c5 Qc4+ 38. Kf2 Qd4+ 39. Kf3 Qd3+ 40. Kf2 Qd4+ 41. Ke2 Qd5 42. Qb8+ Kh7 43. Qd6 g5 44. Qxd5 exd5 45. Kd3 Kg6 46. Kd4 Kf5 47. Kxd5 g4 48. g3 g6 49. Kd6 Ke4 50. Kc7 Kd5 51. Kb6 1-0

[Event "Titled Tuesday intern op 05th Jul Late"]
[Site "Chess.com INT"]
[Date "2022.07.05"]
[Round "2"]
[White "Boder, Jan"]
[Black "Fernandez, Fernando"]
[Result "1-0"]
[WhiteElo "2315"]
[BlackElo "2430"]
[PlyCount "73"]
[EventDate "2022.07.05"]
[EventType "swiss (blitz)"]
[EventRounds "11"]
[EventCountry "USA"]
[SourceTitle "CBM 209 Extra"]
[Source "ChessBase"]
[SourceDate "2022.09.30"]
[SourceVersion "1"]
[SourceVersionDate "2022.09.30"]
[SourceQuality "1"]

1. c4 e5 2. g3 Nf6 3. Bg2 c6 4. Nf3 e4 5. Nd4 d5 6. cxd5 cxd5 7. d3 Qb6 8. dxe4 Nxe4 9. 0-0 Bc5 10. e3 0-0 11. Nc3 Nxc3 12. bxc3 Rd8 13. Qb3 Be6 14. Ba3 Bxa3 15. Qxa3 Nc6 16. Rab1 Qc7 17. Rfc1 Ne5 18. Qb3 Rab8 19. e4 Nc4 20. Rd1 dxe4 21. Nxe6 fxe6 22. Bxe4 b6 23. Bd3 Rbc8 24. Bxc4 Rxd1+ 25. Rxd1 Qxc4 26. Rd8+ Kf7 27. Rd7+ Kf6 28. Qa3 Rc5 29. Qxa7 Qe2 30. Rf7+ Ke5 31. Qb8+ Ke4 32. Rf4+ Kd3 33. Qd6+ Kc2 34. Qd4 Qd1+ 35. Qxd1+ Kxd1 36. c4 Kc2 37. Re4 1-0

[Event "Latin Cup-A 9th"]
[Site "Lima"]
[Date "2018.01.30"]
[Round "3"]
[White "Cruz, Cristhian"]
[Black "Fernandez, Fernando"]
[Result "1-0"]
[WhiteElo "2559"]
[BlackElo "2468"]
[PlyCount "81"]
[EventDate "2018.01.29"]
[EventType "tourn"]
[EventRounds "9"]
[EventCountry "PER"]
[SourceTitle "CBM 182 Extra"]
[Source "ChessBase"]
[SourceDate "2018.02.23"]
[SourceVersion "1"]
[SourceVersionDate "2018.02.23"]
[SourceQuality "1"]

1. d4 d5 2. Bf4 Nf6 3. e3 c5 4. c3 Nc6 5. Nd2 e6 6. Ngf3 Bd6 7. dxc5 Bxc5 8. Bd3 0-0 9. 0-0 Qe7 10. e4 h6 11. Ne5 Qc7 12. Nxc6 Qxf4 13. Nb3 Bb6 14. Ne7+ Kh8 15. g3 Qg5 16. exd5 Bd7 17. d6 Ba4 18. Bc2 Rad8 19. Qd3 Bc5 20. Nxc5 Bxc2 21. Qd4 b6 22. Nb3 Ne4 23. h4 Qg4 24. Rfe1 Rxd6 25. Qe3 Rd3 26. Qe2 Qh3 27. Qf1 Qxf1+ 28. Kxf1 Rf3 29. Nd4 Bd3+ 30. Kg1 Rf6 31. Rad1 Nxf2 32. Rd2 e5 33. Ndc6 Nh3+ 34. Kg2 Bb5 35. Nxe5 Re6 36. Kxh3 Rxe7 37. Ng6+ fxg6 38. Rxe7 Ra8 39. b3 h5 40. c4 Bc6 41. Rd6 1-0

[Event "Moquegua Ilo GP"]
[Site "Moquegua Ilo"]
[Date "2017.11.03"]
[Round "5"]
[White "Fernandez, Fernando"]
[Black "Caballero Quijano, Mitzy Mishell"]
[Result "1-0"]
[WhiteElo "2467"]
[BlackElo "2074"]
[PlyCount "53"]
[EventDate "2017.11.01"]
[EventType "swiss"]
[EventRounds "8"]
[EventCountry "PER"]
[SourceTitle "CBM 181 Extra"]
[Source "ChessBase"]
[SourceDate "2017.12.12"]
[SourceVersion "1"]
[SourceVersionDate "2017.12.12"]
[SourceQuality "1"]

1. c4 e5 2. g3 c5 3. Bg2 Nc6 4. Nc3 g6 5. d3 Bg7 6. Nf3 Nge7 7. 0-0 0-0 8. a3 d6 9. Rb1 a5 10. Bd2 Be6 11. Ng5 Bf5 12. Nb5 Rb8 13. Ne4 Bxe4 14. Bxe4 Nd4 15. Nxd4 exd4 16. Qa4 b6 17. b4 axb4 18. axb4 Qe8 19. Qxe8 Rfxe8 20. bxc5 bxc5 21. Ba5 f5 22. Bb7 Be5 23. Bc7 Rbd8 24. Bxd8 Rxd8 25. Bd5+ Nxd5 26. cxd5 f4 27. Rb7 1-0

[Event "Moquegua Ilo GP"]
[Site "Moquegua Ilo"]
[Date "2017.11.02"]
[Round "2"]
[White "Canaza, Richard"]
[Black "Fernandez, Fernando"]
[Result "0-1"]
[WhiteElo "2024"]
[BlackElo "2467"]
[PlyCount "58"]
[EventDate "2017.11.01"]
[EventType "swiss"]
[EventRounds "8"]
[EventCountry "PER"]
[SourceTitle "CBM 181 Extra"]
[Source "ChessBase"]
[SourceDate "2017.12.12"]
[SourceVersion "1"]
[SourceVersionDate "2017.12.12"]
[SourceQuality "1"]

1. c4 e6 2. Nf3 Nf6 3. e3 d5 4. b3 Be7 5. Bb2 0-0 6. Be2 c5 7. 0-0 Nc6 8. d4 cxd4 9. cxd5 Qxd5 10. Nxd4 Rd8 11. Bf3 Qg5 12. Bxc6 bxc6 13. Qf3 Bb7 14. Na3 Rd5 15. Qg3 Qh6 16. Nc4 Rad8 17. Nf3 c5 18. Qc7 R5d7 19. Qg3 Ne4 20. Qf4 g5 21. Qg4 f5 22. Qh3 Qxh3 23. gxh3 g4 24. Nfe5 Ng5 25. Rfc1 Nxh3+ 26. Kf1 Rd2 27. Nxd2 Rxd2 28. Bc3 Rxf2+ 29. Ke1 Rxh2 0-1

[Event "Vallfogona rapid op 25th"]
[Site "Vallfogona de Balaguer"]
[Date "2017.09.17"]
[Round "8"]
[White "Fernandez, Fernando"]
[Black "Cortiella Valles, Roger"]
[Result "1-0"]
[WhiteElo "2462"]
[BlackElo "1874"]
[PlyCount "97"]
[EventDate "2017.09.17"]
[EventType "swiss (rapid)"]
[EventRounds "9"]
[EventCountry "ESP"]
[SourceTitle "CBM 180 Extra"]
[Source "ChessBase"]
[SourceDate "2017.10.06"]
[SourceVersion "1"]
[SourceVersionDate "2017.10.06"]
[SourceQuality "1"]

1. e4 c5 2. Nf3 Nc6 3. Bb5 g6 4. Bxc6 dxc6 5. d3 Bg7 6. h3 Nf6 7. Nc3 0-0 8. Bf4 b5 9. Qd2 c4 10. 0-0 cxd3 11. Qxd3 Qxd3 12. cxd3 b4 13. Na4 Ba6 14. Nc5 Bb5 15. Be5 Rfd8 16. Bc7 Rdc8 17. Ba5 Nh5 18. Rab1 Nf4 19. Rfd1 b3 20. a4 Nxd3 21. Nxd3 Bxa4 22. Nc5 Bb5 23. Bc3 a5 24. Bxg7 Kxg7 25. Nxb3 Ba4 26. Rd3 c5 27. Rc3 c4 28. Nbd4 Rab8 29. Ra1 Bd7 30. Ne5 Be8 31. Nxc4 Rxb2 32. Nxb2 Rxc3 33. Rxa5 Rc7 34. f4 Rb7 35. Nd3 Rd7 36. Rd5 Ra7 37. Rd8 Ba4 38. Kf2 Bd1 39. Ke3 Ra2 40. Nf2 Ba4 41. Ra8 Ra3+ 42. Nd3 Ra2 43. Nc5 Rxg2 44. Rxa4 Rg3+ 45. Nf3 Rxh3 46. Ra7 Kf6 47. e5+ Kf5 48. Ne4 Kg4 49. Nf2+ 1-0

[Event "Sabadell op-A 10th"]
[Site "Sabadell"]
[Date "2017.09.03"]
[Round "3"]
[White "Gascon del Nogal, Jose Rafael"]
[Black "Fernandez, Fernando"]
[Result "0-1"]
[WhiteElo "2496"]
[BlackElo "2462"]
[PlyCount "72"]
[EventDate "2017.09.01"]
[EventType "swiss"]
[EventRounds "9"]
[EventCountry "ESP"]
[SourceTitle "CBM 180 Extra"]
[Source "ChessBase"]
[SourceDate "2017.10.06"]
[SourceVersion "1"]
[SourceVersionDate "2017.10.06"]
[SourceQuality "1"]

1. e4 c5 2. Nf3 d6 3. d4 cxd4 4. Nxd4 Nf6 5. Nc3 a6 6. Bg5 Nbd7 7. a4 g6 8. a5 Bg7 9. Nb3 h6 10. Be3 0-0 11. Be2 Qc7 12. 0-0 b5 13. axb6 Nxb6 14. Na5 Be6 15. Qd2 h5 16. Bd4 Rfb8 17. b3 Rc8 18. Ra2 d5 19. exd5 Nbxd5 20. Nxd5 Nxd5 21. Bxg7 Kxg7 22. c4 Nf4 23. Bf3 Rab8 24. g3 Nh3+ 25. Kg2 Qc5 26. Bd5 Bf5 27. Rd1 e6 28. Bf3 Ng5 29. Qc3+ Kg8 30. Nb7 Bh3+ 31. Kh1 Qc7 32. Nd6 Rd8 33. Rad2 Nxf3 34. Ne4 Rxd2 35. Nf6+ Kh8 36. Rxd2 Qe5 0-1

[Event "Sabadell op-A 10th"]
[Site "Sabadell"]
[Date "2017.09.02"]
[Round "2"]
[White "Fernandez, Fernando"]
[Black "Rojas Keim, Luis Alberto"]
[Result "1-0"]
[WhiteElo "2462"]
[BlackElo "2327"]
[PlyCount "41"]
[EventDate "2017.09.01"]
[EventType "swiss"]
[EventRounds "9"]
[EventCountry "ESP"]
[SourceTitle "CBM 180 Extra"]
[Source "ChessBase"]
[SourceDate "2017.10.06"]
[SourceVersion "1"]
[SourceVersionDate "2017.10.06"]
[SourceQuality "1"]

1. e4 e6 2. d4 d5 3. Nc3 Bb4 4. e5 Ne7 5. a3 Bxc3+ 6. bxc3 b6 7. Qg4 Ng6 8. h4 h5 9. Qd1 Ba6 10. Bxa6 Nxa6 11. Bg5 Qd7 12. Ne2 Qa4 13. f4 c5 14. f5 exf5 15. 0-0 cxd4 16. Nxd4 0-0 17. Qxh5 Rac8 18. e6 Rxc3 19. Nxf5 Qc6 20. Ne7+ Nxe7 21. exf7+ 1-0